College Mathematics with Business Applications (Record no. 1219)

MARC details
005 - DATE AND TIME OF LATEST TRANSACTION
control field 20250408144127.0
020 ## - INTERNATIONAL STANDARD BOOK NUMBER
International Standard Book Number 0-02-803376-0
082 ## - DEWEY DECIMAL CLASSIFICATION NUMBER
Classification number 650.015 NOB
100 ## - MAIN ENTRY--PERSONAL NAME
Author name NOBLE, K. A.
245 ## - TITLE STATEMENT
Title College Mathematics with Business Applications
250 ## - EDITION STATEMENT
Edition statement 7th Ed.
260 ## - PUBLICATION, DISTRIBUTION, ETC.
Place of publication, distribution, etc. New York,
Name of publisher, distributor, etc. McGraw-Hill,
Date of publication, distribution, etc. 1997.
300 ## - PHYSICAL DESCRIPTION
Extent xi, 645p.: ill.; figure, graph, picture, table.
Other physical details Index.
Dimensions 30cm.
700 ## - ADDED ENTRY--PERSONAL NAME
Other authors/Editors BELDEN, K.
942 ## - ADDED ENTRY ELEMENTS (KOHA)
Source of classification or shelving scheme Dewey Decimal Classification
Koha item type Books
Holdings
Date last seen Total checkouts Full call number Barcode Cost, replacement price Price effective from Koha item type Lost status Source of classification or shelving scheme Damaged status Not for loan Withdrawn status Home library Current library Shelving location Date acquired Cost, normal purchase price
04/08/2025   650.015 NOB 0000004788 30000.00 04/08/2025 Books   Dewey Decimal Classification       College of Business Education Main Library College of Business Education Main Library General Collection 04/08/2025 10000.00